Carbon negative products on global warming and climate change and their impact on agriculture (Record no. 55158)

MARC details
000 -LEADER
fixed length control field 00548nam a2200121Ia 4500
100 ## - MAIN ENTRY--AUTHOR NAME
Personal name Tillekeratne L M K
245 #0 - TITLE STATEMENT
Title Carbon negative products on global warming and climate change and their impact on agriculture
260 ## - PUBLICATION, DISTRIBUTION, ETC. (IMPRINT)
Name of publisher Climate change, low carbon economy and sustainable natural rubber industry: Preprints of proceedings of IRRDB International Rubber Conference 2010, 18-19 October 2010 Sanya, Hainan, China, pp. 3-6.
650 ## - SUBJECT ADDED ENTRY--TOPICAL TERM
Topical Term Climate change
650 ## - SUBJECT ADDED ENTRY--TOPICAL TERM
Topical Term Global warming
942 ## - ADDED ENTRY ELEMENTS (KOHA)
Koha item type Journals
Holdings
Withdrawn status Lost status Damaged status Not for loan Home library Current library Shelving location Date acquired Koha item type
      Journals RRII Library RRII Library Climate change 09/08/2011 Journals